000
00340nam a2200145 a 4500
008
970814s1970||||xx 0 und c
040
_a
SNK
_b
slo
_c
SNK
_e
AACR2
100
1
_a
Martiš, Ján
245
1
0
_a
Cisársky večný vojak
260
_a
Bratislava
_b
SÚKK
_c
1970
300
_a
218 s.
020
_c
33
041
_a
slo
044
_a
xo
_c
SK
999
_c
12229
_d
12229